000 00422nam a2200145 i 4500
001 128380
003 ES-MaACL
007 t|
008 070509s1970 ag ||||1| spa d
100 1 _aTabernig de Pucciarelli, Elsa.
_9109018
245 1 0 _aQué es la traducción? /
_cElsa Tabernig de Pucciarelli.
260 _a[Buenos Aires] :
_bColumba,
_c1970.
300 _a82 p. ;
_c20 cm.
852 _aES-MaACL
_jE-8926
_bR.93269
999 _c128380
_d128380